Science Quiz

Random Science or Anatomy Quiz

Ear Anatomy Quiz Stats

 Plays Quiz Updated Oct 22, 2018

Score 0/14 Timer 05:00
23 Plays Today
% Correct
Tympanic Membrane
83.1%
Cochlea
74.7%
Lobule
68.6%
Stapes
60.5%
Incus
59%
Malleus
56.8%
External Auditory Canal
54.2%
% Correct
Pinna
53%
Auditory Nerve
43.1%
Eustachian Tube
42.6%
Semicircular Canals
38.6%
Elliptical Window
31.9%
Circular Window
26.7%
Vestibular Nerve
23.1%

You're not logged in!

Compare scores with friends on all Sporcle quizzes.
OR
Log In

Sporcle TV

Today on Sporcle TV


Watch our educational content, quiz creation guides, and fun videos on Sporcle TV.

Show Comments

Extras

Top Quizzes Today


Score Distribution

Your Account Isn't Verified!

In order to create a playlist on Sporcle, you need to verify the email address you used during registration. Go to your Sporcle Settings to finish the process.

Report this User

Report this user for behavior that violates our Community Guidelines.

Details: